[Event "Montreal Mercredi 05"]
[Site "Montreal CAN"]
[Date "2008.06.11"]
[Round "5"]
[White "Millette, Sylvain"]
[Black "Maharisoa, Tantely"]
[Result "1/2-1/2"]
[WhiteElo "1630"]
[BlackElo "1688"]
[PlyCount "103"]
[GameId "2160767910354863"]
[EventDate "2008.05.14"]
[EventType "tourn"]
[EventRounds "5"]
[EventCountry "CAN"]
[SourceTitle "EXT 2011"]
[Source "ChessBase"]
[SourceDate "2011.11.26"]
[SourceVersion "1"]
[SourceVersionDate "2011.11.26"]
[SourceQuality "1"]

1. Nf3 Nf6 2. b3 e6 3. g3 Be7 4. Bb2 d5 5. Bg2 Nbd7 6. d4 O-O 7. Nbd2 h6 8. O-O c6 9. Re1 Qc7 10. e4 dxe4 11. Nxe4 Rd8 12. c4 Nxe4 13. Rxe4 Bf6 14. Qc2 b6 15. Rc1 c5 16. dxc5 Qxc5 17. Bxf6 Nxf6 18. Rd4 Bb7 19. Rxd8+ Rxd8 20. Rd1 Rxd1+ 21. Qxd1 Ne4 22. Qd4 a5 23. Qxc5 Nxc5 24. Nd4 Bxg2 25. Kxg2 e5 26. Nc6 f6 27. Ne7+ Kf8 28. Nc8 Nd7 29. Kf3 f5 30. Nd6 g6 31. a3 Ke7 32. Nb5 Ke6 33. b4 axb4 34. axb4 g5 35. h3 h5 36. Nc3 h4 37. gxh4 gxh4 38. Nd5 Kd6 39. Ne3 Ke6 40. Ng2 e4+ 41. Kf4 Ne5 42. c5 bxc5 43. bxc5 Nd3+ 44. Ke3 Nxc5 45. Nxh4 Ke5 46. Ng6+ Kf6 47. Nf4 Kg5 48. Ng2 Nd3 49. f3 f4+ 50. Kxe4 Nf2+ 51. Ke5 Nxh3 52. Ne1 1/2-1/2

[Event "Montreal Mercredi 05"]
[Site "Montreal CAN"]
[Date "2008.06.11"]
[Round "5"]
[White "Morin, Louis"]
[Black "Pomerantz, Daniel"]
[Result "1-0"]
[WhiteElo "1881"]
[BlackElo "1871"]
[PlyCount "59"]
[GameId "2160767910354864"]
[EventDate "2008.05.14"]
[EventType "tourn"]
[EventRounds "5"]
[EventCountry "CAN"]
[SourceTitle "EXT 2011"]
[Source "ChessBase"]
[SourceDate "2011.11.26"]
[SourceVersion "1"]
[SourceVersionDate "2011.11.26"]
[SourceQuality "1"]

1. e4 c5 2. Nf3 Nc6 3. d4 cxd4 4. c3 Nf6 5. e5 Nd5 6. c4 Nb6 7. Bf4 e6 8. Nxd4 Qc7 9. Nb5 Qd8 10. N1c3 a6 11. Nd6+ Bxd6 12. Qxd6 Rb8 13. Be3 Na8 14. Ba7 Nxa7 15. Qxb8 Qb6 16. O-O-O Nc7 17. Rd6 Qc5 18. Ne4 Qxe5 19. Qxc7 Qxe4 20. Bd3 Qf4+ 21. Kb1 O-O 22. Rxd7 e5 23. Rd8 g6 24. Rxf8+ Kxf8 25. Qc5+ Kg7 26. Qxa7 Be6 27. Qe3 Qg4 28. Qxe5+ f6 29. Qe4 Qg5 30. Qxe6 1-0

[Event "Montreal Mercredi 05"]
[Site "Montreal CAN"]
[Date "2008.06.11"]
[Round "5"]
[White "Neumark-Gaudet, Zev"]
[Black "Lemieux, Serge"]
[Result "1-0"]
[WhiteElo "1526"]
[BlackElo "1625"]
[PlyCount "51"]
[GameId "2160767910354865"]
[EventDate "2008.05.14"]
[EventType "tourn"]
[EventRounds "5"]
[EventCountry "CAN"]
[SourceTitle "EXT 2011"]
[Source "ChessBase"]
[SourceDate "2011.11.26"]
[SourceVersion "1"]
[SourceVersionDate "2011.11.26"]
[SourceQuality "1"]

1. d4 d5 2. c4 e6 3. Nc3 Bb4 4. cxd5 exd5 5. Nf3 Ne7 6. a3 Ba5 7. Bg5 f6 8. Bf4 O-O 9. Qb3 Kh8 10. e3 Nd7 11. Bd3 c5 12. Qc2 g6 13. h4 c4 14. Be2 Rg8 15. g4 Bc7 16. Bh2 Nf8 17. g5 Bxh2 18. Rxh2 Bf5 19. Qd2 Bg4 20. O-O-O f5 21. Ne5 Qc7 22. Bxg4 fxg4 23. h5 Nd7 24. hxg6 Nxg6 25. Nxd5 Qc8 26. Nxg6+ 1-0

[Event "Montreal Mercredi 05"]
[Site "Montreal CAN"]
[Date "2008.06.11"]
[Round "5"]
[White "Plante, Michel"]
[Black "Le Duin, Thierry"]
[Result "1/2-1/2"]
[WhiteElo "2058"]
[BlackElo "1999"]
[PlyCount "105"]
[GameId "2160767910354866"]
[EventDate "2008.05.14"]
[EventType "tourn"]
[EventRounds "5"]
[EventCountry "CAN"]
[SourceTitle "EXT 2011"]
[Source "ChessBase"]
[SourceDate "2011.11.26"]
[SourceVersion "1"]
[SourceVersionDate "2011.11.26"]
[SourceQuality "1"]

1. d4 Nf6 2. Nf3 g6 3. Nbd2 Bg7 4. e4 d6 5. Bd3 O-O 6. O-O b6 7. Re1 Bb7 8. c3 Nc6 9. b4 a6 10. Bb2 Nd7 11. Qc2 e5 12. a3 Ne7 13. Nf1 Kh8 14. Ng3 Ng8 15. Rad1 Qe7 16. a4 Nh6 17. Bc1 Ng8 18. d5 Bf6 19. Be3 Bg7 20. c4 Bh6 21. Rb1 Bxe3 22. Rxe3 a5 23. b5 Nc5 24. Qd1 Bc8 25. Bc2 f5 26. Ra3 f4 27. Nf1 g5 28. Ne1 g4 29. Nd2 Qg5 30. Nd3 Nb7 31. Nf1 Nf6 32. Qe2 Bd7 33. Re1 Rg8 34. Qd2 Qh5 35. Bd1 Rg7 36. h3 Rag8 37. Nxf4 exf4 38. Qxf4 Qe5 39. Qxe5 dxe5 40. h4 Nc5 41. Bc2 Ne8 42. g3 Nd6 43. Nd2 Rf8 44. Re2 Rgf7 45. Kg2 Rf6 46. Rae3 Be8 47. Kg1 Bg6 48. Kg2 h5 49. Kg1 Kg7 50. Kg2 Kf7 51. Kg1 Ke7 52. Kg2 Kd7 53. Kg1 1/2-1/2

[Event "Montreal Mercredi 05"]
[Site "Montreal CAN"]
[Date "2008.06.11"]
[Round "5"]
[White "Poschmann, Jeremie"]
[Black "Panayotov, Ivo"]
[Result "0-1"]
[WhiteElo "1799"]
[BlackElo "1933"]
[PlyCount "154"]
[GameId "2160767910354867"]
[EventDate "2008.05.14"]
[EventType "tourn"]
[EventRounds "5"]
[EventCountry "CAN"]
[SourceTitle "EXT 2011"]
[Source "ChessBase"]
[SourceDate "2011.11.26"]
[SourceVersion "1"]
[SourceVersionDate "2011.11.26"]
[SourceQuality "1"]

1. d4 d5 2. c4 e6 3. Nf3 Nf6 4. Nc3 Be7 5. Bf4 O-O 6. h3 c5 7. e3 Qa5 8. Bd3 dxc4 9. Bxc4 b5 10. Bxb5 Nd5 11. Qa4 Qxa4 12. Nxa4 Nxf4 13. exf4 cxd4 14. Nxd4 Rd8 15. Ne2 Bb7 16. O-O Na6 17. Rfd1 Kf8 18. a3 Rac8 19. Nac3 Nc5 20. Rxd8+ Rxd8 21. Rd1 Rxd1+ 22. Nxd1 Bd6 23. Ndc3 Ne4 24. Nxe4 Bxe4 25. g3 Ke7 26. Nc3 Bb7 27. Kf1 Bc5 28. Ke2 Kd6 29. f3 f5 30. Nd1 Bd4 31. b4 e5 32. fxe5+ Kxe5 33. f4+ Kf6 34. Ne3 Bc3 35. Bc4 g5 36. fxg5+ Kxg5 37. Bd5 Ba6+ 38. Kf3 Be1 39. h4+ Kf6 40. Bc6 Bd3 41. Ng2 Bd2 42. Nf4 Bc4 43. Bd7 Bc1 44. a4 Ba3 45. b5 Bb3 46. a5 Ke5 47. b6 a6 48. Nd3+ Kd4 49. Bxf5 Bc2 50. b7 Bd6 51. Nb4 Bxf5 52. Nxa6 Be4+ 53. Kg4 Bxb7 54. Nb4 Bxb4 55. Kg5 Bxa5 56. g4 Ke5 57. Kh6 Be4 58. h5 Kf6 59. g5+ Kf7 60. g6+ hxg6 61. hxg6+ Bxg6 62. Kg5 Bd2+ 63. Kg4 Kf6 64. Kf3 Bd3 65. Kg3 Kf5 66. Kf3 Bf4 67. Kf2 Ke4 68. Kg2 Be3 69. Kg3 Be2 70. Kg2 Kf4 71. Kh3 Bf3 72. Kh2 Bd5 73. Kh3 Be4 74. Kh2 Kf3 75. Kh3 Bg5 76. Kh2 Bf5 77. Kh1 Kf2 0-1

[Event "Montreal Mercredi 05"]
[Site "Montreal CAN"]
[Date "2008.06.11"]
[Round "5"]
[White "Savard, Alain"]
[Black "Gauthier, Luc"]
[Result "1/2-1/2"]
[WhiteElo "1754"]
[BlackElo "1724"]
[PlyCount "88"]
[GameId "2160767910354868"]
[EventDate "2008.05.14"]
[EventType "tourn"]
[EventRounds "5"]
[EventCountry "CAN"]
[SourceTitle "EXT 2011"]
[Source "ChessBase"]
[SourceDate "2011.11.26"]
[SourceVersion "1"]
[SourceVersionDate "2011.11.26"]
[SourceQuality "1"]

1. e4 Nf6 2. Nc3 d5 3. exd5 Nxd5 4. Bc4 Nb6 5. Bb3 Nc6 6. a3 Bf5 7. d3 e6 8. Nge2 a6 9. Be3 Be7 10. Qd2 O-O 11. h3 e5 12. Ng3 Bg6 13. Nce4 Nd4 14. Ba2 Nd5 15. Bxd4 exd4 16. Qe2 Re8 17. O-O Nf6 18. Qf3 Nd7 19. Rae1 c5 20. Nf5 Nf6 21. Nxe7+ Qxe7 22. Nxf6+ Qxf6 23. Qxf6 gxf6 24. Bd5 Red8 25. Bxb7 Rab8 26. Re7 c4 27. Bxa6 cxd3 28. cxd3 Rxb2 29. a4 Rd2 30. Rfe1 Bxd3 31. Re8+ Rxe8 32. Rxe8+ Kg7 33. Bxd3 Rxd3 34. Rd8 Rd1+ 35. Kh2 d3 36. a5 Ra1 37. Rxd3 Rxa5 38. Rg3+ Rg5 39. f4 Rxg3 40. Kxg3 Kg6 41. Kf3 h5 42. g3 f5 43. h4 Kf6 44. Ke3 Ke6 1/2-1/2

[Event "Montreal Mercredi 09"]
[Site "Montreal CAN"]
[Date "2008.09.03"]
[Round "1"]
[White "Baran, Marius"]
[Black "Dumont, Felix"]
[Result "1/2-1/2"]
[WhiteElo "1498"]
[BlackElo "1511"]
[PlyCount "49"]
[GameId "2160767910328188"]
[EventDate "2008.09.03"]
[EventType "tourn"]
[EventRounds "5"]
[EventCountry "CAN"]
[SourceTitle "EXT 2011"]
[Source "ChessBase"]
[SourceDate "2011.11.26"]
[SourceVersion "1"]
[SourceVersionDate "2011.11.26"]
[SourceQuality "1"]

1. d4 Nf6 2. c4 g6 3. Nc3 Bg7 4. e4 d6 5. f3 O-O 6. Be3 e5 7. dxe5 dxe5 8. Qxd8 Rxd8 9. Rd1 Rxd1+ 10. Kxd1 Nc6 11. Bd3 a6 12. Nge2 Nd4 13. Nxd4 exd4 14. Bxd4 Nxe4 15. Bxe4 Bxd4 16. Kc2 f5 17. Bd5+ Kg7 18. f4 c6 19. Bf3 Be6 20. Rd1 Bb6 21. b4 Rd8 22. Rxd8 Bxd8 23. c5 Bf6 24. a4 Bd4 25. Ne2 1/2-1/2

[Event "Montreal Mercredi 09"]
[Site "Montreal CAN"]
[Date "2008.09.03"]
[Round "1"]
[White "Chesnut, Walter"]
[Black "Bergeron, Rene"]
[Result "1-0"]
[WhiteElo "1569"]
[BlackElo "1559"]
[PlyCount "93"]
[GameId "2160767910328189"]
[EventDate "2008.09.03"]
[EventType "tourn"]
[EventRounds "5"]
[EventCountry "CAN"]
[SourceTitle "EXT 2011"]
[Source "ChessBase"]
[SourceDate "2011.11.26"]
[SourceVersion "1"]
[SourceVersionDate "2011.11.26"]
[SourceQuality "1"]

1. d4 d5 2. Nf3 e6 3. c4 Nf6 4. Nc3 Be7 5. Bg5 O-O 6. e3 a6 7. Bd3 dxc4 8. Bxc4 b5 9. Bd3 Bb7 10. O-O Nbd7 11. Rc1 Rc8 12. Qe2 c5 13. dxc5 Bxc5 14. Rfd1 Qb6 15. a3 Rfe8 16. b4 Bf8 17. Nd4 Nd5 18. Nxd5 Bxd5 19. e4 Ba8 20. Be3 Qb7 21. f3 Ne5 22. Nb3 Rxc1 23. Rxc1 Rd8 24. Rd1 Qc7 25. Bf4 Qc3 26. Bxe5 Qxe5 27. g3 Qc3 28. Qc2 Qf6 29. e5 Qe7 30. Bxh7+ Kh8 31. Rxd8 Qxd8 32. Be4 Bxe4 33. fxe4 g6 34. Nc5 a5 35. Qf2 Kg7 36. Qf6+ Qxf6 37. exf6+ Kxf6 38. Nd7+ Ke7 39. Nxf8 axb4 40. Nxg6+ fxg6 41. axb4 Kd6 42. Kf2 Ke5 43. Ke3 g5 44. h4 Kf6 45. Kd4 g4 46. h5 Kf7 47. Ke5 1-0

[Event "Montreal Mercredi 09"]
[Site "Montreal CAN"]
[Date "2008.09.03"]
[Round "1"]
[White "Cote, Philippe"]
[Black "Lamouche, Andre"]
[Result "1-0"]
[WhiteElo "1717"]
[BlackElo "1752"]
[PlyCount "69"]
[GameId "2160767910328190"]
[EventDate "2008.09.03"]
[EventType "tourn"]
[EventRounds "5"]
[EventCountry "CAN"]
[SourceTitle "EXT 2011"]
[Source "ChessBase"]
[SourceDate "2011.11.26"]
[SourceVersion "1"]
[SourceVersionDate "2011.11.26"]
[SourceQuality "1"]

1. e4 c5 2. Nf3 d6 3. d4 cxd4 4. Nxd4 Nf6 5. Nc3 a6 6. Bc4 e6 7. Bb3 b5 8. O-O Bb7 9. Re1 Be7 10. Bxe6 fxe6 11. Nxe6 Qd7 12. Nxg7+ Kd8 13. f3 Nc6 14. Nf5 Kc8 15. Bf4 Rd8 16. Ne3 Ne5 17. Ncd5 Nxd5 18. Nxd5 Bxd5 19. Qxd5 Nc6 20. Rad1 Rb8 21. c3 Na5 22. c4 Qc6 23. Qxc6+ Nxc6 24. c5 dxc5 25. Bxb8 Kxb8 26. Rxd8+ Bxd8 27. e5 Kc7 28. f4 Nd4 29. Kf2 Kc6 30. Rd1 Kd5 31. Ke3 Bb6 32. g4 b4 33. h4 Ke6 34. Ke4 Nc2 35. Rd6+ 1-0

[Event "Montreal Mercredi 09"]
[Site "Montreal CAN"]
[Date "2008.09.03"]
[Round "1"]
[White "Gauthier, Luc"]
[Black "Messier, Samuel"]
[Result "1-0"]
[WhiteElo "1684"]
[BlackElo "1608"]
[PlyCount "57"]
[GameId "2160767910328191"]
[EventDate "2008.09.03"]
[EventType "tourn"]
[EventRounds "5"]
[EventCountry "CAN"]
[SourceTitle "EXT 2011"]
[Source "ChessBase"]
[SourceDate "2011.11.26"]
[SourceVersion "1"]
[SourceVersionDate "2011.11.26"]
[SourceQuality "1"]

1. e4 c5 2. Nc3 Nc6 3. f4 d6 4. Nf3 e6 5. Bb5 a6 6. Bxc6+ bxc6 7. d3 Nf6 8. O-O Be7 9. h3 d5 10. e5 Nd7 11. Qe2 f6 12. exf6 Nxf6 13. Ng5 d4 14. Nce4 O-O 15. Bd2 Rb8 16. b3 Qd5 17. a4 Rb7 18. Rae1 h6 19. Nxf6+ Bxf6 20. Ne4 Re7 21. Bc1 e5 22. Ba3 Bh4 23. Bxc5 Bxe1 24. Qxe1 Rfe8 25. Bxe7 Rxe7 26. Qg3 Kh8 27. fxe5 Re8 28. Nd6 Rxe5 29. Qxe5 1-0

[Event "Montreal Mercredi 09"]
[Site "Montreal CAN"]
[Date "2008.09.03"]
[Round "1"]
[White "Germain, Max"]
[Black "Boyer, Eric"]
[Result "1-0"]
[WhiteElo "1582"]
[BlackElo "1585"]
[PlyCount "128"]
[GameId "2160767910328192"]
[EventDate "2008.09.03"]
[EventType "tourn"]
[EventRounds "5"]
[EventCountry "CAN"]
[SourceTitle "EXT 2011"]
[Source "ChessBase"]
[SourceDate "2011.11.26"]
[SourceVersion "1"]
[SourceVersionDate "2011.11.26"]
[SourceQuality "1"]

1. d4 d5 2. c4 c6 3. Nc3 Nf6 4. e3 e6 5. Qc2 Nbd7 6. Nf3 Bd6 7. Bd3 dxc4 8. Bxc4 e5 9. O-O Qc7 10. h3 O-O 11. Ng5 Nb6 12. Bb3 h6 13. Nge4 Nxe4 14. Nxe4 exd4 15. exd4 Bf4 16. Be3 Kh8 17. Qc5 Re8 18. Bxf4 Qxf4 19. Nd6 Re7 20. Nc4 Nd5 21. Ne5 b6 22. Qxc6 Bb7 23. Qc4 Rc8 24. Qd3 Qg5 25. Qg3 Qf5 26. Bd1 Nf4 27. Bg4 Qg5 28. Bf3 Qxg3 29. fxg3 Bxf3 30. Nxf3 Ne2+ 31. Kh2 Rc2 32. d5 f6 33. Rfd1 Rd7 34. b3 Rc5 35. Rd2 Nc3 36. d6 Ne4 37. Rd4 Nc3 38. a4 Rd5 39. Rxd5 Nxd5 40. Nd4 Nc3 41. Nf5 g6 42. Rc1 gxf5 43. Rxc3 Rxd6 44. Rf3 Kg7 45. Rxf5 a6 46. g4 Kg6 47. Rf3 Rd4 48. Kg3 b5 49. axb5 axb5 50. h4 b4 51. Kh3 Rd5 52. h5+ Kg5 53. g3 f5 54. Rf4 fxg4+ 55. Rxg4+ Kxh5 56. Rxb4 Kg6 57. Kh4 Kf6 58. Rb6+ Kf7 59. g4 Ke7 60. b4 Kd7 61. Rb7+ Kc6 62. Rh7 Rb5 63. Rxh6+ Kd7 64. Rf6 Ke7 1-0

[Event "Montreal Mercredi 09"]
[Site "Montreal CAN"]
[Date "2008.09.03"]
[Round "1"]
[White "Giroux, Robert"]
[Black "Panayotov, Ivo"]
[Result "1-0"]
[WhiteElo "1930"]
[BlackElo "1963"]
[PlyCount "71"]
[GameId "2160767910328193"]
[EventDate "2008.09.03"]
[EventType "tourn"]
[EventRounds "5"]
[EventCountry "CAN"]
[SourceTitle "EXT 2011"]
[Source "ChessBase"]
[SourceDate "2011.11.26"]
[SourceVersion "1"]
[SourceVersionDate "2011.11.26"]
[SourceQuality "1"]

1. e4 e5 2. d4 exd4 3. Qxd4 Nc6 4. Qe3 Bb4+ 5. Nc3 Nge7 6. Bd2 O-O 7. O-O-O d6 8. Qg3 Kh8 9. Nge2 f5 10. Bg5 Qe8 11. Bxe7 Qxe7 12. f3 Qf7 13. Kb1 Be6 14. exf5 Qxf5 15. a3 Ba5 16. Ne4 Bg8 17. h4 d5 18. Ng5 d4 19. Nc1 Rad8 20. Bd3 Qf6 21. Rdf1 Ne5 22. f4 Nc4 23. Bxc4 Bxc4 24. Nd3 c5 25. f5 Rde8 26. Rf3 Bd5 27. Rff1 Re3 28. Qg4 c4 29. Nf4 Bg8 30. Qh5 Qh6 31. Qd1 d3 32. Nfe6 Bxe6 33. fxe6 Rf6 34. Nf7+ Rxf7 35. exf7 dxc2+ 36. Qxc2 1-0

[Event "Montreal Mercredi 09"]
[Site "Montreal CAN"]
[Date "2008.09.03"]
[Round "1"]
[White "Landry, Martin"]
[Black "Ber, Alexandre"]
[Result "1-0"]
[WhiteElo "1565"]
[BlackElo "1549"]
[PlyCount "73"]
[GameId "2160767910328194"]
[EventDate "2008.09.03"]
[EventType "tourn"]
[EventRounds "5"]
[EventCountry "CAN"]
[SourceTitle "EXT 2011"]
[Source "ChessBase"]
[SourceDate "2011.11.26"]
[SourceVersion "1"]
[SourceVersionDate "2011.11.26"]
[SourceQuality "1"]

1. d4 e6 2. c4 f5 3. Nc3 Nf6 4. a3 c6 5. g3 d5 6. cxd5 exd5 7. Bg5 h6 8. Bxf6 Qxf6 9. Bg2 f4 10. e4 dxe4 11. Bxe4 Bf5 12. Qd3 Bxe4 13. Qxe4+ Qe7 14. gxf4 Nd7 15. O-O-O Qxe4 16. Nxe4 O-O-O 17. Nf3 Nf6 18. Rhe1 Nd5 19. Ne5 Rg8 20. f5 Be7 21. Ng6 Kc7 22. Nxe7 Nxe7 23. Nc5 Nxf5 24. Ne6+ Kc8 25. Nxd8 Rxd8 26. d5 Rxd5 27. Rxd5 cxd5 28. Re5 Nd4 29. Rxd5 Nf3 30. Rf5 Nxh2 31. Rf8+ Kc7 32. Rf7+ Kc8 33. Rxg7 h5 34. Rh7 Ng4 35. f4 Nf6 36. Rh6 Nd5 37. f5 1-0

[Event "Montreal Mercredi 09"]
[Site "Montreal CAN"]
[Date "2008.09.03"]
[Round "1"]
[White "Le Duin, Thierry"]
[Black "Levkovsky, Alexandre"]
[Result "1/2-1/2"]
[WhiteElo "1967"]
[BlackElo "2169"]
[PlyCount "30"]
[GameId "2160767910328195"]
[EventDate "2008.09.03"]
[EventType "tourn"]
[EventRounds "5"]
[EventCountry "CAN"]
[SourceTitle "EXT 2011"]
[Source "ChessBase"]
[SourceDate "2011.11.26"]
[SourceVersion "1"]
[SourceVersionDate "2011.11.26"]
[SourceQuality "1"]

1. d4 Nf6 2. Nf3 e6 3. Bg5 c5 4. e3 cxd4 5. exd4 Qa5+ 6. c3 Ne4 7. Bf4 d5 8. Bd3 Bd6 9. Bxd6 Nxd6 10. O-O Nd7 11. Nbd2 Nf6 12. Ne5 Bd7 13. Qe2 Bb5 14. Bxb5+ Qxb5 15. Qxb5+ Nxb5 1/2-1/2

[Event "Montreal Mercredi 09"]
[Site "Montreal CAN"]
[Date "2008.09.03"]
[Round "1"]
[White "Poschmann, Jeremie"]
[Black "Gauthier, Denis"]
[Result "1/2-1/2"]
[WhiteElo "1835"]
[BlackElo "1891"]
[PlyCount "80"]
[GameId "2160767910328196"]
[EventDate "2008.09.03"]
[EventType "tourn"]
[EventRounds "5"]
[EventCountry "CAN"]
[SourceTitle "EXT 2011"]
[Source "ChessBase"]
[SourceDate "2011.11.26"]
[SourceVersion "1"]
[SourceVersionDate "2011.11.26"]
[SourceQuality "1"]

1. d4 Nf6 2. c4 e6 3. Nc3 Bb4 4. Qc2 O-O 5. e3 b6 6. Bd3 Bb7 7. Nf3 d6 8. Bd2 Nbd7 9. a3 Bxc3 10. Bxc3 Re8 11. O-O e5 12. dxe5 Nxe5 13. Nxe5 dxe5 14. Bf5 Qe7 15. Rad1 Rad8 16. b4 c5 17. bxc5 Qxc5 18. Bb4 Qc6 19. f3 a5 20. Rxd8 Rxd8 21. Be7 Re8 22. Bxf6 Qxf6 23. Bxh7+ Kh8 24. Be4 Bxe4 25. Qxe4 Qd6 26. a4 Qa3 27. Qc6 Qxe3+ 28. Kh1 Rd8 29. Qc7 Qd3 30. Re1 f6 31. Qxb6 Qd2 32. Rb1 Rd4 33. Qb3 Qe2 34. c5 Rb4 35. Qd1 Qxd1+ 36. Rxd1 Rxa4 37. Rc1 Rb4 38. c6 Rb8 39. Kg1 Kg8 40. c7 Rc8 1/2-1/2

[Event "Montreal Mercredi 09"]
[Site "Montreal CAN"]
[Date "2008.09.03"]
[Round "1"]
[White "Serra, Luc"]
[Black "Rainton, Jean-Pierre"]
[Result "0-1"]
[WhiteElo "1611"]
[BlackElo "1702"]
[PlyCount "50"]
[GameId "2160767910328197"]
[EventDate "2008.09.03"]
[EventType "tourn"]
[EventRounds "5"]
[EventCountry "CAN"]
[SourceTitle "EXT 2011"]
[Source "ChessBase"]
[SourceDate "2011.11.26"]
[SourceVersion "1"]
[SourceVersionDate "2011.11.26"]
[SourceQuality "1"]

1. e4 c5 2. Na3 Nc6 3. Bb5 a6 4. Bxc6 bxc6 5. Nf3 d5 6. e5 Bf5 7. O-O e6 8. d3 h6 9. c3 Ne7 10. Be3 Ng6 11. h3 Nh4 12. Bf4 Nxf3+ 13. Qxf3 Rb8 14. g4 Bg6 15. Bc1 Be7 16. Qe2 O-O 17. f4 Qb6 18. f5 exf5 19. gxf5 Bh7 20. f6 gxf6 21. exf6 Bd6 22. Bxh6 c4+ 23. d4 Qxb2 24. Qxb2 Rxb2 25. Bxf8 Bh2+ 0-1

[Event "Montreal Mercredi 09"]
[Site "Montreal CAN"]
[Date "2008.09.03"]
[Round "1"]
[White "Sonko, Babacar"]
[Black "Tremblay, Sigfrid"]
[Result "1-0"]
[WhiteElo "1855"]
[BlackElo "1788"]
[PlyCount "61"]
[GameId "2160767910328198"]
[EventDate "2008.09.03"]
[EventType "tourn"]
[EventRounds "5"]
[EventCountry "CAN"]
[SourceTitle "EXT 2011"]
[Source "ChessBase"]
[SourceDate "2011.11.26"]
[SourceVersion "1"]
[SourceVersionDate "2011.11.26"]
[SourceQuality "1"]

1. e4 d6 2. Nf3 Nf6 3. Nc3 g6 4. Bc4 Bg7 5. d4 c6 6. h3 d5 7. Bd3 dxe4 8. Nxe4 Nxe4 9. Bxe4 Nd7 10. Be3 Nf6 11. Bd3 Nd5 12. Bd2 Qb6 13. c4 Nb4 14. Be2 a5 15. Bc3 Bf5 16. O-O Rd8 17. a3 Nc2 18. c5 Qc7 19. Rc1 Nxd4 20. Nxd4 Bxd4 21. Bxd4 e5 22. Bxe5 Qxe5 23. Qb3 O-O 24. Bc4 Rd2 25. Qxb7 Rxb2 26. Qxc6 Be4 27. Rfe1 Re8 28. Bd5 Bxd5 29. Qxe8+ Qxe8 30. Rxe8+ Kg7 31. c6 1-0

[Event "Montreal Mercredi 09"]
[Site "Montreal CAN"]
[Date "2008.09.03"]
[Round "1"]
[White "Tremblay, Alain"]
[Black "Plante, Michel"]
[Result "1-0"]
[WhiteElo "2028"]
[BlackElo "1983"]
[PlyCount "77"]
[GameId "2160767910328199"]
[EventDate "2008.09.03"]
[EventType "tourn"]
[EventRounds "5"]
[EventCountry "CAN"]
[SourceTitle "EXT 2011"]
[Source "ChessBase"]
[SourceDate "2011.11.26"]
[SourceVersion "1"]
[SourceVersionDate "2011.11.26"]
[SourceQuality "1"]

1. e4 d6 2. d4 Nf6 3. Nc3 g6 4. f3 c6 5. Be3 b5 6. Qd2 Qc7 7. O-O-O Nbd7 8. g4 Nb6 9. g5 Nfd7 10. f4 Bg7 11. e5 d5 12. Nf3 Nc4 13. Bxc4 bxc4 14. Kb1 Nb6 15. Nh4 a5 16. Rdf1 e6 17. Nf3 a4 18. a3 Rb8 19. Qf2 Bf8 20. Ka1 Ba6 21. h4 Na8 22. h5 Qa5 23. Qd2 Nc7 24. hxg6 fxg6 25. Rb1 Nb5 26. Nxb5 Qxb5 27. Qc3 Be7 28. Nh2 Bd8 29. Bd2 O-O 30. Ng4 Rb7 31. Qh3 Rf5 32. Nh6+ Kf8 33. Nxf5 exf5 34. Qh6+ Ke8 35. Bb4 Be7 36. Qxh7 Bxb4 37. Qxg6+ Kd8 38. axb4 a3 39. Qd6+ 1-0

[Event "Montreal Mercredi 09"]
[Site "Montreal CAN"]
[Date "2008.09.10"]
[Round "2"]
[White "Bergeron, Rene"]
[Black "Ber, Alexandre"]
[Result "1-0"]
[WhiteElo "1559"]
[BlackElo "1549"]
[PlyCount "58"]
[GameId "2160767739119977"]
[EventDate "2008.09.03"]
[EventType "tourn"]
[EventRounds "5"]
[EventCountry "CAN"]
[SourceTitle "EXT 2011"]
[Source "ChessBase"]
[SourceDate "2011.11.26"]
[SourceVersion "1"]
[SourceVersionDate "2011.11.26"]
[SourceQuality "1"]

1. e4 e6 2. d4 d5 3. Nc3 Bb4 4. e5 c5 5. Nf3 Nc6 6. Bb5 a6 7. Bxc6+ bxc6 8. O-O Qd7 9. Na4 Qa7 10. c3 Ba5 11. Nxc5 Bb6 12. Qa4 Bd7 13. b4 Ne7 14. Bg5 h6 15. Bxe7 Kxe7 16. Rab1 a5 17. a3 Qc7 18. Nxd7 Kxd7 19. b5 c5 20. c4 cxd4 21. cxd5 Rhc8 22. dxe6+ fxe6 23. Nxd4 Qxe5 24. Nc6 Rxc6 25. bxc6+ Kc7 26. Qb5 Qxb5 27. Rxb5 Kxc6 28. Rfb1 Bd4 29. Kf1 Rf8 {..} 1-0

[Event "Montreal Mercredi 09"]
[Site "Montreal CAN"]
[Date "2008.09.10"]
[Round "2"]
[White "Boyer, Eric"]
[Black "Serra, Luc"]
[Result "1/2-1/2"]
[WhiteElo "1585"]
[BlackElo "1611"]
[PlyCount "59"]
[GameId "2160767910328200"]
[EventDate "2008.09.03"]
[EventType "tourn"]
[EventRounds "5"]
[EventCountry "CAN"]
[SourceTitle "EXT 2011"]
[Source "ChessBase"]
[SourceDate "2011.11.26"]
[SourceVersion "1"]
[SourceVersionDate "2011.11.26"]
[SourceQuality "1"]

1. d4 d6 2. c4 e5 3. dxe5 dxe5 4. Qxd8+ Kxd8 5. Nf3 f6 6. a3 Be6 7. e3 c6 8. Nc3 a5 9. Be2 Nd7 10. Ne4 Nc5 11. Nxc5 Bxc5 12. O-O Kc7 13. Nd2 b6 14. b3 Nh6 15. Ne4 Be7 16. Bb2 Nf5 17. Rfd1 Nd6 18. Nxd6 Bxd6 19. e4 Rhd8 20. Rd3 Bc5 21. Rad1 Rxd3 22. Rxd3 Rd8 23. Kf1 Rxd3 24. Bxd3 Bd4 25. Bc1 c5 26. a4 Kd7 27. h3 g6 28. g4 h5 29. f3 hxg4 30. fxg4 1/2-1/2

[Event "Montreal Mercredi 09"]
[Site "Montreal CAN"]
[Date "2008.09.10"]
[Round "2"]
[White "Chesnut, Walter"]
[Black "Baran, Marius"]
[Result "1/2-1/2"]
[WhiteElo "1569"]
[BlackElo "1498"]
[PlyCount "112"]
[GameId "2160767910328201"]
[EventDate "2008.09.03"]
[EventType "tourn"]
[EventRounds "5"]
[EventCountry "CAN"]
[SourceTitle "EXT 2011"]
[Source "ChessBase"]
[SourceDate "2011.11.26"]
[SourceVersion "1"]
[SourceVersionDate "2011.11.26"]
[SourceQuality "1"]

1. d4 d5 2. c4 e6 3. Nc3 Nf6 4. cxd5 exd5 5. Bg5 Be7 6. e3 O-O 7. Bd3 Be6 8. f3 Nc6 9. Nge2 a6 10. O-O Nd7 11. Bxe7 Nxe7 12. Qc2 g6 13. e4 c6 14. Qd2 Qc7 15. Rac1 Rae8 16. Nf4 Qb6 17. Qf2 Kh8 18. a3 Qb3 19. Rb1 dxe4 20. Nxe4 Nd5 21. Bc2 Qb6 22. Nxe6 Rxe6 23. Ng5 Re7 24. Qh4 N7f6 25. Kh1 Kg7 26. Qf2 Rfe8 27. Ne4 Nh5 28. Nd6 Rd8 29. Nc4 Qc7 30. Rfe1 Rde8 31. Rxe7 Qxe7 32. Be4 Nhf4 33. g3 Nh3 34. Qd2 f5 35. Bxd5 cxd5 36. Ne5 Rc8 37. f4 g5 38. Qg2 g4 39. Qxd5 Rd8 40. Qc4 b5 41. Qc3 Qb7+ 42. Qc6 Qxc6+ 43. Nxc6 Rd6 44. Ne7 Kf6 45. Re1 Rxd4 46. Ng8+ Kg7 47. Ne7 Kf6 48. Ng8+ Kf7 49. Nh6+ Kg6 50. Ng8 Rd2 51. Ne7+ Kf6 52. Ng8+ Kg7 53. Ne7 Kf6 54. Ng8+ Kf7 55. Ne7 Nf2+ 56. Kg1 Nh3+ 1/2-1/2